000 00822nam a22002057a 4500
005 20180618151126.0
010 _a1718EN-30 B-686572-575
020 _a9789382968580
_c995.00
035 _aB-686572-575
037 _bPansy Books
_adpl
082 _a306.768
100 _aDevath Suresh
245 _aTransgenders :
_cby Devath Suresh
_bproblems and administrative response /
260 _aNew Delhi
_bAvni Pub.
_c2017
270 _aRZ-45D, Street No.2, Main Sagarpur,
_bNew Delhi
_e110046
300 v _axiv,303p.
_c25cm(Hb)
500 _aIncludes bibliographical references and index
942 _2ddc
_cEN
_mDEV
_h306.768
999 _c145891
_d145891